000 nkm a22 a 4500
999 _c389176
_d389176
003 BLK
005 20200929102341.0
008 200924b bu ||||| |||| 00| k|bu d
040 _aBLK
041 _aRUS
_cRUS
080 _aИзобразителни изкуства и художествени занаяти
_b73/76
_z73/76
139 _aНовые открытия советских реставраторов
245 _aНовые открытия советских реставраторов
_bЖивопись. Графика. Скульптура. Прикладное искусство : сборник
257 _aSUN
260 _9211846
_aМосква
_bСов. художник
_c1973
_n5-269-
300 _a56 с.
_bс ил.
_c21 см
380 _a7
500 _aИзд. М-во культуры РСФСР. Гос. центр. худож. науч.-реставрац. мастерская им. акад. И.Э. Грабаря.
650 7 _9156562
_aИзобразително изкуство - Русия
653 0 _9401783
_aснимкови албуми
700 1 _aЯмщиков, Савелий Васильевич
_eсъстав.
_9145375
852 _aЦб 301184
_bЦб
942 _cGRA
_n0
_s1
944 _aCR
_c2020-09-29
_kНР